| 000 | 00592cam a22002053a 4500 | ||
|---|---|---|---|
| 001 | 38703 | ||
| 003 | PGUSA | ||
| 005 | 20140828083843.0 | ||
| 008 | 120129s2012||||xxu|||||s|||||000 | eng d | ||
| 040 |
_aPGUSA _beng |
||
| 042 | _adc | ||
| 100 | 1 | _aHeyer, Georgette | |
| 245 | 1 | 4 |
_aThe Black Moth : _bA Romance of the XVIIIth Century _h[electronic resource] / _cGeorgette Heyer |
| 260 |
_bProject Gutenberg, _c2012 |
||
| 506 | _aPublic domain in the USA. | ||
| 516 | _aElectronic text | ||
| 830 | 0 |
_aProject Gutenberg _v38703 |
|
| 856 | 4 | 0 | _uhttp://www.gutenberg.org/ebooks/38703 |
| 942 | _cEB | ||
| 999 |
_c267957 _d267957 |
||